Opuszczone miasta w Europie - Statystyki

Ogólne statystyki
  • Ten quiz został rozwiązany 29 razy
  • Średni wynik to 2 z 29
Statystyki odpowiedzi
Państwo Miasto % Poprawnych
Ukraina Czarnobyl
64%
Ukraina Prypeć
55%
Polska Kłomino
27%
Polska Pstrąże
23%
Włochy Pompeje
18%
Ukraina Wilcza
9%
Ukraina Careborysów
5%
Włochy Civita di Bagnoregio
5%
Włochy Craco
5%
Włochy Curon
5%
Rumunia Floci
5%
Francja Oradour-sur-Glane
5%
Norwegia Pyramiden
5%
Polska Stary Hel
5%
Estonia Viivikonna
5%
Włochy Vitozza
5%
Albania Voskopojë
5%
Włochy Balestrino
0%
Czechy Doupov
0%
Włochy Frattura Vecchia
0%
Islandia Grindavík
0%
Włochy Isola Santa
0%
Ukraina Marjinka
0%
Rosja Mołoga
0%
Włochy Pentedattilo
0%
Włochy Poggioreale
0%
Czechy Pohoří na Šumavě
0%
Ukraina Poliśke
0%
Hiszpania Salto de Castro
0%
Nie znaleziono quizów pasujących do podanych kryteriów
Rozkład punktacji
Procent ludzi z każdym wynikiem
Percentyl według liczby udzielonych odpowiedzi
Twoja historia wyników
Nie rozwiązałeś tego quizu